Wirtschaftliche Grundlagen des Regionalismus in der Russischen Föderation
Uložené v:
| Hlavný autor: | |
|---|---|
| Médium: | Kniha |
| Jazyk: | German |
| Vydavateľské údaje: |
Kiel
Institut für Weltwirtschaft
1993
|
| Vydanie: | 1. Aufl. |
| Edícia: | Arbeitspapier
Nr.603 |
| Predmet: | |
| Tagy: |
Žiadne tagy, Buďte prvý, kto otaguje tento záznam!
|
MARC
| LEADER | 00000nam a2200000 4500 | ||
|---|---|---|---|
| 001 | c005197 | ||
| 005 | 20221206075241.3 | ||
| 041 | 0 | |a ger | |
| 044 | |a DE | ||
| 245 | 1 | 0 | |a Wirtschaftliche Grundlagen des Regionalismus in der Russischen Föderation |c Matthias Lücke |
| 250 | |a 1. Aufl. | ||
| 264 | 1 | |a Kiel |b Institut für Weltwirtschaft |c 1993 | |
| 300 | |a 13 s. | ||
| 490 | 1 | |a Arbeitspapier |v Nr.603 | |
| 830 | 0 | |a Arbeitspapier |v Nr.603 | |
| 610 | 2 | 0 | |a Rusko |
| 610 | 2 | 0 | |a regionalizácia |
| 610 | 2 | 0 | |a regióny |
| 610 | 2 | 0 | |a rozbory činnosti hospodárskej |
| 610 | 2 | 0 | |a závislosť ekonomická |
| 610 | 2 | 0 | |a riadenie |
| 610 | 2 | 0 | |a záujmy ekonomické |
| 610 | 2 | 0 | |a 1993 |
| 100 | 1 | |a Lücke, Matthias | |